| 000 | 00484nam a22001817a 4500 | ||
|---|---|---|---|
| 003 | OSt | ||
| 005 | 20151016134202.0 | ||
| 008 | 130507s2003 sp ||||| |||| 00| 0 cat d | ||
| 020 | _a8484376214 | ||
| 040 | _cCDMR | ||
| 100 | 1 |
_948 _aBaget i Herms, Josep Maria |
|
| 245 | 1 | 4 |
_a"La nostra" _b: vint anys de TV3 _cJ.M. Baget i Herms |
| 260 |
_aBarcelona _bProa _c2003 |
||
| 300 | _a227 p. | ||
| 490 | 0 |
_aPerfils _v41 |
|
| 610 | 2 |
_9446 _aTelevisió de Catalunya _xHistòria |
|
| 942 |
_2udc _cMON |
||
| 999 |
_c6188 _d6188 |
||